Elementos de lógica / (Record no. 163402)

MARC details
000 -LEADER
campo de control de longitud fija 00656nam a22001935i 4500
001 - NÚMERO DE CONTROL
campo de control 163402
003 - IDENTIFICADOR DE NÚMERO DE CONTROL
campo de control ES-MaACL
005 - FECHA Y HORA DE LA ÚLTIMA TRANSACCIÓN
campo de control 20230906212731.0
008 - DATOS DE LONGITUD FIJA--INFORMACIÓN GENERAL
campo de control de longitud fija 940615s1868 sp |||| | spa d
040 ## - FUENTE DE CATALOGACIÓN
Centro catalogador/agencia de origen CAM
Lengua de catalogación spa
100 1# - ENTRADA PRINCIPAL--NOMBRE DE PERSONA
Nombre de persona Rey y Heredia, José María.
9 (RLIN) 131747
245 10 - MENCIÓN DEL TÍTULO
Título Elementos de lógica /
Mención de responsabilidad, etc. por José María Rey y Heredia.
250 ## - MENCION DE EDICION
Mención de edición 8\pa\s ed.
260 ## - PUBLICACIÓN, DISTRIBUCIÓN, ETC.
Lugar de publicación, distribución, etc. Madrid :
Nombre del editor, distribuidor, etc. [s.n.],
Fecha de publicación, distribución, etc. 1868 (
Fabricante Imp. M. Rivadeneyra)
300 ## - DESCRIPCIÓN FÍSICA
Extensión [2], 346 p. ;
Dimensiones 17 cm.
650 #4 - PUNTO DE ACCESO ADICIONAL DE MATERIA--TÉRMINO DE MATERIA
Término de materia o nombre geográfico como elemento de entrada Lógica.
9 (RLIN) 14693
700 11 - ENTRADA AGREGADA--NOMBRE PERSONAL
Nombre de persona Rivadeneyra, Manuel,
Término indicativo de función/relación
9 (RLIN) 131854
852 ## - LOCALIZACIÓN
Ubicación ES-MaACL
Número de control de estantería G-10505(2)
Nota libre -- Enc. hol., falto de la enc. original
-- -- Este ejemp. tiene 337 p.
Holdings
Estatus retirado Estado de pérdida Estado de daño No para préstamo Colección Biblioteca de origen Biblioteca actual Ubicación en estantería Fecha de adquisición Fuente de adquisición Total de préstamos Signatura topográfica completa Código de barras Visto por última vez Precio de reemplazo Tipo de ítem Koha
        Libros del s. XIX Biblioteca del Ateneo de Madrid Biblioteca del Ateneo de Madrid Sala Pecera Planta 3 17/01/2008     G-10505(2) 1171231 23/02/2023 23/02/2023 Libro impreso antiguo